Religion, death and the senses /

"The uniqueness of this collection lies in two areas, firstly its deep engagement with a range of physical and socio-cultural sensual responses to death and dying, and secondly, through its contributors who are drawn from a wide spectrum of professional, practical, and theoretical expertise and...

Full description

Bibliographic Details
Other Authors: Welch, Christina (Editor), Shadrack, Jasmine Hazel (Editor)
Format: Book
Language:English
Published: Sheffield, South Yorkshire ; Bristol, CT : Equinox Publishing, Ltd, 2024.
Series:Religion and the senses
Subjects:
Related Items:Online version: Religion, death and the senses
Classic Catalogue: View this record in Classic Catalogue
LEADER 03056nam a22004218i 4500
001 45151
003 BD-DhAAL
005 20251207155534.0
008 240322t2024 enka b 001 0 eng
010 |a  2024013189 
020 |a 9781800504936 
020 |a 9781800504943 
020 |a 9781800504950 
020 |a 9781800505865 
035 |a 23616690 
040 |a DLC  |b eng  |e rda  |c DLC  |d BD-DhAAL 
042 |a pcc 
050 0 0 |a BT825  |b .R45 2024 
082 0 0 |a 236.1  |2 23 
245 0 0 |a Religion, death and the senses /  |c edited by Christina Welch and Jasmine Hazel Shadrack. 
260 |a Sheffield, South Yorkshire ;  |a Bristol, CT :  |b Equinox Publishing, Ltd,  |c 2024. 
300 |a xvi, 288 pages :  |b illustrations ;   |c 24 cm 
490 0 |a Religion and the senses 
504 |a Includes bibliographical references and index. 
520 |a "The uniqueness of this collection lies in two areas, firstly its deep engagement with a range of physical and socio-cultural sensual responses to death and dying, and secondly, through its contributors who are drawn from a wide spectrum of professional, practical, and theoretical expertise and scholarship in fields which continue to redefine our understanding of mortality"-- 
526 8 |a ESS  |x Nazia Binte Mahmud Lecturer Department of Economics and Social Sciences Course name and No.: Anthropology of Death (ANT312)  
541 1 |a Hye Trade International  |e 45151, 45152, 45153 
650 0 |a Death  |x Religious aspects  |x Christianity.  |9 59937 
700 1 |a Welch, Christina,  |e editor.  |9 59938 
700 1 |a Shadrack, Jasmine Hazel,  |e editor.  |9 59939 
776 0 8 |i Online version:  |t Religion, death and the senses  |d Sheffield, South Yorkshire ; Bristol, CT : Equinox Publishing, Ltd, 2024  |z 9781800504950  |w (DLC) 2024013190 
830 0 |a Religion and the senses  |9 59940 
852 1 |a Ayesha Abed Library   |c General Stacks 
942 |2 ddc  |c BK 
999 |c 47593  |d 47593 
952 |0 0  |1 0  |2 ddc  |4 0  |6 236_100000000000000_REL  |7 0  |9 78562  |a BRACUL  |b BRACUL  |c GEN  |d 2025-11-26  |e Hye Trade International  |g 4793.00  |l 2  |m 3  |o 236.1 REL  |p 3010045153  |r 2026-04-23  |s 2026-04-16  |t 3  |v 9586.00  |w 2025-11-26  |y BK  |x Requisitioned by Nazia Binte Mahmud (Lecturer, Department of Economics and Social Sciences, BRAC University) ) for the course named - Anthropology of Death (ANT312) 
952 |0 0  |1 0  |2 ddc  |4 0  |6 236_100000000000000_REL  |7 0  |9 78563  |a BRACUL  |b BRACUL  |c NEW  |d 2025-11-26  |e Hye Trade International  |g 4793.00  |l 2  |m 3  |o 236.1 REL  |p 3010045151  |q 2026-02-08  |r 2026-01-11  |s 2026-01-11  |t 1  |v 9586.00  |w 2025-11-26  |y BK  |x Requisitioned by Nazia Binte Mahmud (Lecturer, Department of Economics and Social Sciences, BRAC University) ) for the course named - Anthropology of Death (ANT312) 
952 |0 0  |1 0  |2 ddc  |4 0  |6 236_100000000000000_REL  |7 0  |9 78564  |a BRACUL  |b BRACUL  |c GEN  |d 2025-11-26  |e Hye Trade International  |g 4793.00  |l 1  |o 236.1 REL  |p 3010045152  |q 2026-05-21  |r 2026-02-24  |s 2026-02-24  |t 2  |v 9586.00  |w 2025-11-26  |y BK  |x Requisitioned by Nazia Binte Mahmud (Lecturer, Department of Economics and Social Sciences, BRAC University) ) for the course named - Anthropology of Death (ANT312)